LEADER 00862nas 22002773a 450 001 9910146003103321 005 20170228163059.0 035 $a(OCoLC)246870792 035 $a(CKB)1000000000429656 035 $a(CONSER)cn2008301128 035 $a(EXLCZ)991000000000429656 100 $a20080225a20089999 uy b 101 0 $afre 200 04$aLes cahiers de l'idiotie 210 $a[Ottawa $cObservatoire des nouvelles pratiques symboliques] 300 $aDescription d'apre?s la premie?re livraison. 300 $aTitre pris sur la couv. 300 $aChaque livr. comporte un titre distinct. 311 $a1916-6206 531 $aCAHIERS DE L'IDIOTIE 676 $a054 712 02$aObservatoire des nouvelles pratiques symboliques. 906 $aJOURNAL 912 $a9910146003103321 996 $aLes cahiers de l'idiotie$92114775 997 $aUNINA LEADER 00965nam a22002531i 4500 001 991003544789707536 005 20040505160203.0 008 040802s19uu it |||||||||||||||||ita 035 $ab13090380-39ule_inst 035 $aARCHE-104299$9ExL 040 $aBiblioteca Interfacoltà$bita$cA.t.i. Arché s.c.r.l. Pandora Sicilia s.r.l. 082 04$a516.242 100 1 $aBorrello, Antonio$0489481 245 10$aTrigonometria piana :$bad uso dei licei classici e scientifici e degli istituti tecnici /$cAntonio Borrello 250 $a9. ed. 260 $aMilano :$bLa Prora,$c[19..] 300 $a252 p. ;$c21 cm 650 4$aTrigonometria 907 $a.b13090380$b02-04-14$c05-08-04 912 $a991003544789707536 945 $aLE002 Fondo Giudici N 281$g1$i2002000341952$lle002$nC. 1$o-$pE0.00$q-$rn$so $t0$u0$v0$w0$x0$y.i13723479$z05-08-04 996 $aTrigonometria piana$9289866 997 $aUNISALENTO 998 $ale002$b05-08-04$cm$da $e-$fita$git $h0$i1 LEADER 01091nam 2200373 450 001 9910793617103321 005 20230817182201.0 010 $a92-75-32087-X 035 $a(CKB)4100000009266307 035 $a(MiAaPQ)EBC6005307 035 $a(EXLCZ)994100000009266307 100 $a20200611d2019 uy 0 101 0 $aspa 135 $aurcnu|||||||| 181 $ctxt$2rdacontent 182 $cc$2rdamedia 183 $acr$2rdacarrier 200 00$aEstado de la Seguridad Vial en la Region de Las Americas /$fPan American Health 210 1$aWashington, District of Columbia :$cPan American Health Organization (PAHO),$d2019. 215 $a1 online resource (68 pages) 311 $a92-75-32086-1 606 $aSafety 606 $aTraffic safety 615 0$aSafety. 615 0$aTraffic safety. 676 $a629.28 712 02$aPan American Health, 801 0$bMiAaPQ 801 1$bMiAaPQ 801 2$bMiAaPQ 906 $aBOOK 912 $a9910793617103321 996 $aEstado de la Seguridad Vial en la Region de Las Americas$93843200 997 $aUNINA